header

Phylogeography (Record no. 56957)

MARC details
000 -LEADER
fixed length control field 02426nam a2200349 a 4500
082 04 - DEWEY DECIMAL CLASSIFICATION NUMBER
Classification number 576.8/809
245 00 - TITLE STATEMENT
Title Phylogeography
260 ## - PUBLICATION, DISTRIBUTION, ETC. (IMPRINT)
Place of publication New York :
Name of publisher Nova Science Publishers, Inc.,
Year of publication c2010.
300 ## - PHYSICAL DESCRIPTION
Number of Pages xii, 209 p. :
Other physical details ill., maps.
490 1# - SERIES STATEMENT
Series statement Genetics--research and issues
505 0# - FORMATTED CONTENTS NOTE
Formatted contents note Phylogeography and speciation processes in marine fishes and fishes from large freshwater lakes / Michael Matschiner ... and others -- Phylogeography : it's importance in insect pest control / M.D. Ochando -- Host specificity and speciation in parasitic plants / Chris J. Thorogood, Simon J. Hiscock -- Gene flow, genetic drift, and geographic variation of the Ainu : an assessment based on nonmetric cranial traits / Tsunehiko Hanihara -- Suture zones and phylogeographic concordance : are they the same and how should we test for their existence? / Nathan G. Swenson -- Differentiation history of dragonflies in the insular East Asia revealed by the gene genealogy (odonata: hexapoda) / Takuya Kiyoshi -- Statistical phylogeography, ecological niche models and predicting glacial refugia : an examination of key assumptions / Nathan G. Swenson, Jason Pither -- The need for a multispecies, multilocus phylogeographical approach / Cristiano Vernesi -- Phylogeography of finches and sparrows / Antonio Arnaiz-Villena, Pablo Gomez-Prieto, Valentin Ruiz-del-Valle.
650 #0 - SUBJECT ADDED ENTRY--TOPICAL TERM
Topical Term Phylogeography.
Topical Term Population geography.
700 1# - ADDED ENTRY--PERSONAL NAME
Personal name Rutgers, Damien S.
856 40 - ELECTRONIC LOCATION AND ACCESS
Uniform Resource Identifier http://site.ebrary.com/lib/rucke/Doc?id=10675042

No items available.

© 2026 Rongo University
Contact us: librarian | system librarian | Rongo university